000 00620nam a22002297a 4500
003 UA-OsUOA
001 92833
007 ta
008 20121227b un ||||| |||| 00| 0 ukr d
100 _aБерггольц О.
090 _a821.161.1
_bБ48
942 _cBK
040 _aUA-OsUOA
_brus
_cUA-OsUOA
_dUA-OsUOA
245 _aДневные звезды
300 _a238 с.
955 _a3
041 _arus
080 _a821.161.1
260 _aЛенинград
_bСоветский писатель
_c1960
650 7 _a82 Література. Літературознавство
_2UDC
999 _c379299
_d379299